| Tag |
First Indicator |
Second Indicator |
Subfields |
| LEADER |
00000cam a22000001 4500 |
| 001 |
in00003735607 |
| 005 |
20170926151610.0 |
| 008 |
700608s1967 paua bc 000 0 eng |
| 010 |
|
|
|a 68001113
|
| 035 |
|
|
|a (OCoLC)ocm00265442
|
| 035 |
|
|
|a (OCoLC)265442
|
| 040 |
|
|
|a DLC
|b eng
|c DLC
|d RMC
|d MNJ
|d CUY
|d NIALS
|d GEBAY
|d EDX
|d OCLCF
|d PMN
|d DEBBG
|d OCLCQ
|d TXA
|d UtOrBLW
|
| 049 |
|
|
|a TXAM
|
| 050 |
0 |
0 |
|a NE539.S4
|b M3
|
| 082 |
0 |
0 |
|a 769/.924
|
| 090 |
|
|
|a NE539.S4
|b M36 1967
|
| 100 |
1 |
|
|a Shahn, Ben,
|d 1898-1969.
|0 http://id.loc.gov/authorities/names/n79085084
|
| 245 |
1 |
4 |
|a The collected prints of Ben Shahn /
|c The catalogue by Kneeland McNulty. An essay & commentary by the artist.
|
| 264 |
|
1 |
|a Philadelphia :
|b Philadelphia Museum of Art,
|c 1967.
|
| 300 |
|
|
|a x, 150 pages
|b illustrations (some color)
|c 31 cm
|
| 336 |
|
|
|a text
|b txt
|2 rdacontent
|
| 337 |
|
|
|a unmediated
|b n
|2 rdamedia
|
| 338 |
|
|
|a volume
|b nc
|2 rdacarrier
|
| 500 |
|
|
|a "Published in conjunction with an exhibition of Ben Shahn's Graphics, held at the Philadelphia Museum of Art, November 15-December 31, 1967."
|
| 508 |
|
|
|a Designed by John Anderson.
|
| 580 |
|
|
|a The Cushing Library/Lowman/Book Design copy forms part of the Book Design Section of the Al Lowman Printing Arts Collection and Research Archive.
|
| 504 |
|
|
|a Includes bibliographical references (pages 144-147).
|
| 505 |
0 |
|
|a "In defense of chaos" / by Ben Shahn -- Catalog of prints -- Partial list of published books -- Partial list of posters, and index of print titles.
|
| 600 |
1 |
0 |
|a Shahn, Ben,
|d 1898-1969.
|0 http://id.loc.gov/authorities/names/n79085084
|
| 650 |
|
0 |
|a Prints, American.
|0 http://id.loc.gov/authorities/subjects/sh87005253
|
| 600 |
1 |
7 |
|a Shahn, Ben,
|d 1898-1969.
|2 fast
|0 (OCoLC)fst00040182
|
| 650 |
|
7 |
|a Prints, American.
|2 fast
|0 (OCoLC)fst01076848
|
| 600 |
1 |
7 |
|a Shahn, Ben,
|d 1898-1969.
|0 (DE-588)118764977
|2 gnd
|
| 600 |
1 |
7 |
|a Shahn, Ben.
|2 swd
|
| 650 |
0 |
7 |
|a Ausstellung.
|2 swd
|
| 655 |
|
4 |
|a Ausstellung
|z Philadelphia (Pa.)
|y 1967.
|
| 700 |
1 |
|
|a McNulty, Kneeland.
|0 http://id.loc.gov/authorities/names/n79117854
|
| 700 |
1 |
|
|a Anderson, John,
|e designer.
|0 http://id.loc.gov/authorities/names/n81092747
|
| 710 |
2 |
|
|a Philadelphia Museum of Art.
|0 http://id.loc.gov/authorities/names/n79005616
|
| 773 |
0 |
|
|t Al Lowman Printing Arts Collection and Research Archive.
|
| 776 |
0 |
8 |
|i Online version:
|a Shahn, Ben, 1898-1969.
|t Collected prints of Ben Shahn.
|d Philadelphia, Philadelphia Museum of Art, 1967
|w (OCoLC)593397347
|
| 948 |
|
|
|a cataloged
|b h
|c 2017/1/2
|d c
|e ljohnson
|f 11:22:37 am
|
| 994 |
|
|
|a C0
|b TXA
|
| 999 |
f |
f |
|s 7579f09a-0b05-3da1-b017-fe3ad3ad0121
|i 047584c4-d716-3966-959e-abf0de6bd0b0
|t 0
|
| 952 |
f |
f |
|p noncirc
|a Texas A&M University
|b College Station
|c Cushing Memorial Library & Archives
|d Cushing: Lowman (Does not check out)
|t 0
|e NE539.S4 M36 1967
|h Library of Congress classification
|i unmediated -- volume
|
| 998 |
f |
f |
|a NE539.S4 M36 1967
|t 0
|l Cushing: Lowman (Does not check out)
|